Paese da una sua città (NO Capitali) - Statistics

Statistiche generali
  • Questo quiz è stato fatto 151 volte
  • Il punteggio medio è 27 su 30
Statistiche sulle risposte
Città Paese % Corretto
Barcellona Spagna
100%
Rio de Janeiro Brasile
98%
Toronto Canada
98%
Shanghai Cina
98%
Marsiglia Francia
98%
Osaka Giappone
98%
Milano Italia
98%
Marrakech Marocco
98%
Cracovia Polonia
98%
Manchester Regno Unito
98%
Zurigo Svizzera
98%
Istanbul Turchia
98%
Sidney Australia
97%
Rotterdam Paesi Bassi
97%
Porto Portogallo
97%
San Pietroburgo Russia
97%
New York Stati Uniti
97%
Tel Aviv Israele
96%
Mumbai India
94%
Dubai Emirati Arabi Uniti
93%
Anversa Belgio
92%
Salonicco Grecia
88%
La Mecca Arabia Saudita
87%
Innsbruck Austria
87%
Auckland Nuova Zelanda
87%
Medellín Colombia
79%
Brno Cechia
74%
Lagos Nigeria
73%
Mombasa Kenya
52%
Busan Corea del Sud
50%
Nessun quiz corrispondente trovato
Distribuzione punteggi
Percentuale di utenti per punteggio
Percentile per numero di risposta
I tuoi punteggi nel tempo
Non hai fatto questo quiz